Psychology : The science of mind and behavior

This textbook reflects its authors' experiences both as faculty members who have taught the introductory psychology course several dozen times, and, earlier, as students whose own interest in psychology was sparked by instructors who brought the introductory course to life. The text's flex...

وصف كامل

محفوظ في:
التفاصيل البيبلوغرافية
المؤلف الرئيسي: Passer, Michael W.
التنسيق: كتاب
اللغة:Undetermined
منشور في: New York McGraw Hill 2004
الموضوعات:
الوسوم: إضافة وسم
لا توجد وسوم, كن أول من يضع وسما على هذه التسجيلة!
Thư viện lưu trữ: Trung tâm Học liệu Trường Đại học Cần Thơ
LEADER 01267nam a2200241Ia 4500
001 CTU_100717
008 210402s9999 xx 000 0 und d
020 |c 559000 
082 |a 150 
082 |b P287 
100 |a Passer, Michael W. 
245 0 |a Psychology : 
245 4 |b The science of mind and behavior 
245 0 |c Michael W. Passer 
260 |a New York 
260 |b McGraw Hill 
260 |c 2004 
520 |a This textbook reflects its authors' experiences both as faculty members who have taught the introductory psychology course several dozen times, and, earlier, as students whose own interest in psychology was sparked by instructors who brought the introductory course to life. The text's flexible organizing framework ("Levels of Analysis"), depth of research, emphasis on critical thinking, and engaging writing help instructors convey the expanse and excitement of the field of psychology, while maintaining scientific rigor. The new third edition features a separate chapter on intelligence, chapter reorganizations, and updated research throughout. 
650 |a Psychology 
650 |x Textbooks 
904 |i Truc 
910 |a Sạc kèm đĩa AV.002080, AV.002076 
980 |a Trung tâm Học liệu Trường Đại học Cần Thơ